04450nam a2200481uu 4500001000800000005001700008008004100025020001800066035001200084040001300096041000800109050000700117100003400124245010600158260007800264300001700342490002100359505100900380520174801389650002503137650002703162650003303189650002703222650003403249650003103283650003703314650003403351650002903385650002603414650002303440650002003463650003203483700004303515700004703558700005003605700004603655700003903701700003903740700004503779700005003824700005203874700004203926149868520260508092305.0180629s2014 spa  a9789588815886 a1498685 ccomduadb aspa 4aHM10aRestrepo, Alejandra4auteaut13aEl joyero de Sofía. Una propuesta pedagógica para la transversalización del enfoque de género aMedellín :bAlcaldía de Medellín. Secretaria de las Mujeres,c2014. a96 páginas0 aCiudad Saludable aCONTENIDO: Módulo 1: Conceptualizaciones sobre feminismo y categoría de género: Feminismo y género: una relación nada accidental. -- Módulo 2: Masculinidades: Masculinidades aliadas en la formulación e implementación de políticaspúblicas: camino para una real equidad entre géneros. -- Módulo 3: Género y desarrollo humano, social y local: La planeación con perspectiva de género y la agenda internacional. -- Módulo 4: Violencia basada en género: Violencia basada en género hacia las mujeres. -- Módulo 5: Políticas públicas con enfoque de derechos y políticaspúblicas con enfoque de género. -- Módulo 6: Género y salud: la salud y el género en las políticas públicas: un enfoque biopsicosocial. -- Módulo 7: Población Lgbti -lesbianas, gay, transexuales,bisexuales, e inter sex: apoyo pedagógico para funcionarios(as) públicos en política pública dediversidad sexual e identidades de género. -- Módulo 8: Género y educación.3 aLa Secretaría de las Mujeres de la Alcaldía de Medellín y la Universidad de Medellín, de acuerdo con las temáticas abordadas en los ocho módulos del Diplomado en Políticas Públicas con Enfoque de Género realizado durante el segundo semestre de 2014, presentan la cartilla El Joyero de Sofía como aporte pedagógico, metodológico y didáctico que apoya a la comunidad educativa y académica, servidores y servidoras, instituciones gubernamentales y no gubernamentales interesadas en la temática, así como a ciudadanos y ciudadanas de Medellín, en el despliegue de actividades que dinamicen el logro de aprendizajes en el marco de una nueva cultura que reconozca la construcción sociocultural de los géneros, adopte sus aportes en los desarrollos sociales como una opción para conectar las realidades locales y globales en pro de su calidad de vida, y promueva la inclusión del enfoque de género y diferencial en las políticas públicas sectoriales y en las políticas públicas integrales.La Cartilla sienta las bases para un concepto de aprendizaje entendido como proceso para adaptar los modelos mentales de las y los individuos, desarrollando en ellas y en ellos capacidad para apropiarse de nuevas experiencias, así como para comunicarse, sentir, expresarse y producir de manera entretenida y divertida. El Joyero de Sofía es una analogía al signi¿cado de joyero o cofre contenedor de elementos de representativo valor comercial y sentimental; de otro lado hace referencia al artí¿ce o artesano que elabora con pasión, dedicación y habilidad sus objetos. Sofía, nombre de mujer de origen griego que signi¿ca sabiduría y se interpreta como la mujer sabia, audaz e inteligente. aGénero y violencia aGénero y educación 7aViolencia de género2embne aRelaciones de género 7aPolíticas públicas2embne 7aDerechos de la mujer2lemb aDiscriminación contra la mujer 7aEducación de la mujer2lemb aPolítica para la mujer aEquidad para la mujer 7aMasculinidad2lemb aComunidad LGBTI 7aIgualdad de género2embne10aOchoa Holguín, John Bayron4auteaut10aValencia Londoño, Paula Andrea4auteaut10aHernández Berrio, Debbie Patricia4auteaut10aRojas Betancur, Milton Andrés4auteaut10aPineda García, Rocío4auteaut10aMontoya Ruiz, Ana Milena4auteaut10aVelásquez Orrego, Dora Elena4auteaut10aBotero Pulgarín, Ángela María4auteaut10aCastañeda Castro, Wilson de Jesús4auteaut10aHenao Medina, Gloria Amparo4auteaut